[Event "Moscow op-B 04th"]
[Site "Moscow"]
[Date "2008.02.07"]
[Round "6"]
[White "Medvedev, Nikolai"]
[Black "Zhuravlev, Dmitri"]
[Result "1-0"]
[WhiteElo "1983"]
[BlackElo "2283"]
[PlyCount "45"]
[EventDate "2008.02.02"]
[EventType "swiss"]
[EventRounds "9"]
[EventCountry "RUS"]
[SourceTitle "CBM 122 Extra"]
[Source "ChessBase"]
[SourceDate "2008.03.04"]
[SourceVersion "1"]
[SourceVersionDate "2008.03.04"]
[SourceQuality "1"]

1. e4 c5 2. Nf3 Nc6 3. d4 cxd4 4. Nxd4 d6 5. Nc3 Nf6 6. f3 g6 7. Be3 Bg7 8. Qd2 0-0 9. 0-0-0 Nxd4 10. Bxd4 Be6 11. Nd5 Nxd5 12. Bxg7 Kxg7 13. exd5 Bf5 14. g4 Bd7 15. h4 Qb6 16. h5 Rh8 17. Qc3+ f6 18. Re1 Kf7 19. g5 Rac8 20. Rxe7+ Kxe7 21. Qxf6+ Ke8 22. Qxh8+ Kf7 23. hxg6+ 1-0

[Event "Moscow op-B 04th"]
[Site "Moscow"]
[Date "2008.02.05"]
[Round "4"]
[White "Panko, Alexander"]
[Black "Zhuravlev, Dmitri"]
[Result "0-1"]
[WhiteElo "2132"]
[BlackElo "2283"]
[PlyCount "38"]
[EventDate "2008.02.02"]
[EventType "swiss"]
[EventRounds "9"]
[EventCountry "RUS"]
[SourceTitle "CBM 122 Extra"]
[Source "ChessBase"]
[SourceDate "2008.03.04"]
[SourceVersion "1"]
[SourceVersionDate "2008.03.04"]
[SourceQuality "1"]

1. e4 c5 2. Nf3 Nc6 3. d4 cxd4 4. Nxd4 d6 5. Be2 Nf6 6. Nc3 g6 7. Be3 Bg7 8. Qd2 0-0 9. h3 Nxd4 10. Bxd4 Be6 11. g4 Qa5 12. f4 Nxe4 13. Qd3 Nxc3 14. bxc3 Bxd4 15. Qxd4 Rfc8 16. f5 Rxc3 17. Qd2 Bd5 18. Rg1 Qc5 19. 0-0-0 Qa3+ 0-1

[Event "RUS-ch Schools"]
[Site "Novokuznetsk"]
[Date "2001.??.??"]
[Round "6"]
[White "Zhuravlev, Dmitri"]
[Black "Khadzhaev, Rustem R"]
[Result "0-1"]
[WhiteElo "2395"]
[BlackElo "2289"]
[PlyCount "97"]
[EventDate "2001.10.??"]
[EventType "swiss"]
[EventRounds "9"]
[EventCountry "RUS"]
[SourceTitle "CBM 085 Extra"]
[Source "ChessBase"]
[SourceDate "2002.01.21"]
[SourceVersion "1"]
[SourceVersionDate "2002.01.21"]
[SourceQuality "1"]

1. e4 g6 2. d4 Bg7 3. Nc3 d6 4. f4 Nc6 5. d5 Nb8 6. Nf3 c6 7. Bd3 Nf6 8. 0-0 0-0 9. Qe1 cxd5 10. e5 Ne8 11. Kh1 Nc6 12. exd6 e6 13. Ne2 Nxd6 14. c3 Nf5 15. Bxf5 exf5 16. Be3 Re8 17. Qf2 Qe7 18. Bc5 Qc7 19. Rad1 b6 20. Be3 Ba6 21. Rfe1 Rad8 22. Ned4 Na5 23. Qh4 Nc4 24. Bc1 Nd6 25. Ne5 Ne4 26. Kg1 Rd6 27. Qh3 Rb8 28. Nc2 Bc4 29. b3 Ba6 30. Bb2 Rc8 31. Re3 Rdd8 32. Nd4 Re8 33. Ndf3 f6 34. Nd3 Nxc3 35. Rde1 Rxe3 36. Rxe3 Nd1 37. Re1 Nxb2 38. Nxb2 Qxf4 39. Nd1 Qg4 40. Qxg4 fxg4 41. Nd4 f5 42. Ne6 Bf6 43. Ne3 Bb7 44. Kf2 Kf7 45. Nf4 Rd8 46. Rd1 d4 47. Nc4 Be4 48. Rc1 g5 49. Nh5 0-1